উনিশ শতকের বাঙালি মুসলমানের চিন্তা ও চেতনার ধারা / (Record no. 30856)

MARC details
000 -LEADER
fixed length control field 01124nam a22002297a 4500
003 - CONTROL NUMBER IDENTIFIER
control field BDDh-ASL
005 - DATE AND TIME OF LATEST TRANSACTION
control field 20231015031211.0
008 - FIXED-LENGTH DATA ELEMENTS--GENERAL INFORMATION
fixed length control field 230306s2019 i ||||| |||| 00| 0 b d
040 ## - CATALOGING SOURCE
Transcribing agency BDDh-ASL
041 ## - LANGUAGE CODE
Language code of text/sound track or separate title bengali
082 ## - DEWEY DECIMAL CLASSIFICATION NUMBER
Classification number 092.0899
Item number AHU
100 1# - MAIN ENTRY--PERSONAL NAME
Personal name আহমদ, ওয়াকিল
9 (RLIN) 248
245 10 - TITLE STATEMENT
Title উনিশ শতকের বাঙালি মুসলমানের চিন্তা ও চেতনার ধারা /
246 ## - VARYING FORM OF TITLE
Title proper/short title Unish Satake Bangali Musalmaner Chinta x Chetonar Dhara.
260 ## - PUBLICATION, DISTRIBUTION, ETC.
Place of publication, distribution, etc. কলকাতা:
Name of publisher, distributor, etc. বিশ্বঙ্গীয় প্রকাশন,
Date of publication, distribution, etc. ২০১৯।
300 ## - PHYSICAL DESCRIPTION
Extent ৬৪৮ পৃষ্ঠা:
Other physical details ছবি;
Dimensions ২২ সে.মি.
504 ## - BIBLIOGRAPHY, ETC. NOTE
Bibliography, etc. note গ্রন্থপঞ্জি ও নির্ঘণ্ট সংযুক্ত ।
650 #0 - SUBJECT ADDED ENTRY--TOPICAL TERM
Topical term or geographic name entry element Bengali Muslim (বাংলার মুসলমান)
9 (RLIN) 7375
650 #0 - SUBJECT ADDED ENTRY--TOPICAL TERM
Topical term or geographic name entry element উনিশ শতকে মুসলমানদের সমাজ ব্যবস্থা
9 (RLIN) 784
650 #0 - SUBJECT ADDED ENTRY--TOPICAL TERM
Topical term or geographic name entry element Bengali Literature (বাংলা সাহিত্য)
9 (RLIN) 5985
942 ## - ADDED ENTRY ELEMENTS (KOHA)
Source of classification or shelving scheme Dewey Decimal Classification
Koha item type Books
Holdings
Withdrawn status Lost status Source of classification or shelving scheme Damaged status Not for loan Collection code Home library Current library Shelving location Date acquired Source of acquisition Total Checkouts Full call number Barcode Date last seen Copy number Price effective from Koha item type
    Dewey Decimal Classification     Non-fiction Asiatic Society Library Asiatic Society Library Wakil Ahmed Collection 03/06/2023 Donated by Prof. Wakil Ahmed   092.0899 AHU 119396 03/06/2023 C-1 03/06/2023 Books

Powered by Koha